Statistics for Brothers Grimm Fairytales

Click here to take the quiz!

General Stats

  • This quiz has been taken 161 times
  • The average score is 7 of 20

Answer Stats

HintAnswer% Correct
Hansel and ________Gretel
94%
Little Red ______________Riding Hood
83%
Snow-white and the seven __________Dwarves
70%
The golden ________Goose
60%
Brother and ________Sister
60%
________ and Rose-redSnow-white
56%
Little Briar-________Rose
45%
The frog _______King
36%
The fisherman and his ___________Wife
32%
The town musicians of __________Bremen
30%
The wolf and the seven young ________Goats
24%
The ungrateful _______Son
13%
King Thrush-______Beard
10%
Hans in _________Luck
10%
The valiant little __________Tailor
10%
________ my hedgehogHans
9%
The seven __________Ravens
9%
Mother __________Hulda
8%
Iron _______John
7%
The wishing ________, the gold _______, and the ________ in the sacktable ass cudgel
6%

Score Distribution

Percentile by Number Answered

Percent of People with Each Score

Your Score History

You have not taken this quiz